| 000 | 00775cam a2200217 a 4500 | ||
|---|---|---|---|
| 001 | 000003115 | ||
| 005 | 20200929150332.0 | ||
| 008 | 920401s1991 ck a b 001 p spa | ||
| 040 |
_aDO-SdBNP _bspa _cBNPHU |
||
| 082 |
_aC861.4 _bS231p |
||
| 100 | 1 |
_aSanta, Eduardo, _d1927- _99801 |
|
| 245 | 1 | 0 |
_aPorfirio Barba-Jacob y su lamento poético : _bestudio crítico / _cEduardo Santa. |
| 260 |
_aBogotá : _bInstituto Caro y Cuervo, _c1991. |
||
| 300 |
_a221 p. : _bil. ; _c20 cm. |
||
| 490 | 1 |
_aLa Granada entreabierta _v57 |
|
| 504 | _aBibliografía: p. [163]-174. | ||
| 650 | 4 |
_aPoesía colombiana _93742 |
|
| 650 | 4 |
_aLiteratura colombiana _91244 |
|
| 600 | 1 | 4 |
_aBARBA JACOB, PORFIRIO, _d1883-1942 _xCRÍTICA E INTERPRETACIÓN _99802 |
| 830 | 3 |
_aLa Granada entreabierta ; _v57 _98104 |
|
| 999 |
_c2946 _d2946 |
||